000 00330nam a2200145Ia 4500
008 230718s9999 xx 000 0 und d
041 _aEng.
082 _a3460954
_bMAL-R
100 _aMalik Ali M.
245 0 _aRent Premsis Laws
260 _aPakistan
_bPunjab Law House
_c2015
300 _a60
650 _aLaw
999 _c30769
_d30769